فر قه و ا ر نہ فسا د ا ت ا و ر ا ر د و ا فسا نہ (1990-2010 (Record no. 143917)

MARC details
000 -LEADER
fixed length control field 00823nam a22002057a 4500
005 - DATE AND TIME OF LATEST TRANSACTION
control field 20171118145358.0
010 ## - LCCN (DPL NO)
LC control number UR-9642
020 ## - INTERNATIONAL STANDARD BOOK NUMBER
Terms of availability 300.00.
020 ## - INTERNATIONAL STANDARD BOOK NUMBER
Terms of availability 9789386486011
035 ## - SYSTEM CONTROL NUMBER
System control number U-8197
037 ## - SOURCE OF ACQUISITION
Source of stock number/acquisition DBAD
100 ## - MAIN ENTRY--PERSONAL NAME
Personal name محمد زبیر
245 ## - TITLE STATEMENT
Title فر قه و ا ر نہ فسا د ا ت ا و ر ا ر د و ا فسا نہ (1990-2010
Statement of responsibility, etc محمد زبیر
246 ## - VARYING FORM OF TITLE
Title proper/short title Firqa Warana Fasadaat Aur Urdu Afsana(1990-2010)
Remainder of title By Mohd. Zubair
260 ## - PUBLICATION, DISTRIBUTION, ETC. (IMPRINT)
Place of publication, distribution, etc د ہلی
Name of publisher, distributor, etc ا یجو کیشنل پبليشنگ ہا ؤ س
Date of publication, distribution, etc 2017ء
270 ## - ADDRESS
Address 3191,و کیل ا ستر یٹ کو چہ پنڈ ت لا ل کنو ا ن ،
City د لی
Postal code 110006
Telephone number 23216162
Fax number 0091-11-23211540
300 ## - PHYSICAL DESCRIPTION
Extent 244ص
Dimensions 22 Cm.(B.b)
500 ## - GENERAL NOTE
General note دو حصہ
942 ## - ADDED ENTRY ELEMENTS (KOHA)
Source of classification or shelving scheme Dewey Decimal Classification
Item type Urdu Bks
Classification part 841.08
Call number suffix م ح م
Holdings
Withdrawn status Lost status Not for loan Collection code Home library Current library Date acquired Source of acquisition Cost, normal purchase price Full call number Barcode Copy number Cost, replacement price Koha item type
    Not For Loan Non-fiction D.B.Act.Division D.B.Act.Division 30/08/2017 DBAD/Pub. 300.00 841.08 م ح م U-8197 1 300.00 Urdu Bks

© Delhi Public Library
Hit Counter
free hit counter